XI Roku 2005 Polskich Piłkarzy (wg Tygodnika "Piłka Nożna") - Statystyki

Ogólne statystyki
  • Ten quiz został rozwiązany 44 razy
  • Średni wynik to 7 z 11
Statystyki odpowiedzi
Pozycja Klub Zawodnik % Poprawnych
BR Legia/Celtic Artur Boruc
100%
LP Leverkusen Jacek Krzynówek
86%
PP Dortmund Euzebiusz Smolarek
83%
N Wisła/Celtic Maciej Żurawski
79%
LO Anderlecht Michał Żewłakow
71%
N Wisła/Elche Tomasz Frankowski
71%
ŚO FK Moskwa Mariusz Jop
67%
PO Wisła Marcin Baszczyński
64%
ŚP Trabzonspor Mirosław Szymkowiak
48%
ŚP Wisła Radosław Sobolewski
40%
ŚO Wisła Tomasz Kłos
24%
Nie znaleziono quizów pasujących do podanych kryteriów
Rozkład punktacji
Procent ludzi z każdym wynikiem
Percentyl według liczby udzielonych odpowiedzi
Twoja historia wyników
Nie rozwiązałeś tego quizu